Detalles MARC
| 000 -LIDER |
| fixed length control field |
01003nam a2200265 a 4500 |
| 001 - NÚMERO DE CONTROL |
| Identificador de número de control |
000006752 |
| 003 - IDENTIFICACDOR DE NÚMERO DE CONTROL |
| control field |
DO-SdBPM |
| 005 - DATE AND TIME OF LATEST TRANSACTION |
| control field |
20250603084542.0 |
| 008 - ELEMENTOS DE LONGITUD FIJA |
| fixed length control field |
090902s1988 dr 000 0 spa d |
| 040 ## - FUENTE DE CATALOGACIÓN |
| Agencia que crea de manera original el registro |
DO-SdBPM |
| Idioma de catalogación |
spa |
| Agencia que realiza la transcripción |
BPMSU |
| 082 #4 - NÚMERO DE CLASIFICACIÓN DECIMAL DE DEWEY |
| Classification number |
610.8 |
| Item number |
J82e 1988 |
| Edition number |
22 |
| 100 1# - ASIENTO PRINCIPAL -- NOMBRE PERSONAL |
| Nombre personal |
Salomón Jorge |
| Fechas asociadas con el nombre |
1913 |
| 245 10 - MENCIÓN DE TITULO |
| Título |
Espigas / |
| Mención de responsabilidad |
Salomón, Jorge. |
| 260 ## - PUBLICACIÓN, DISTRIBUCIÓN, ETC. (PIE DE IMPRENTA) |
| Lugar de publicación, distribución, etc |
Santiago de los Caballeros, República Dominicana : |
| Nombre del editor, distribuidor, etc. |
Pontificia Universidad Católica Madre y Maestra, |
| Fecha de publicación, distribución, etc |
1988. |
| 300 ## - DESCRIPCIÓN FÍSICA |
| Extensión |
406 p. : |
| Otros detalles físicos |
ilus., gráf. ; |
| Dimensiones |
23 cm. |
| 490 0# - MENCIÓN DE SERIES |
| Mención de serie |
Contemporáneos |
| 500 ## - NOTA GENERAL |
| Nota general |
Incluye datos biográficos del autor |
| 500 ## - NOTA GENERAL |
| Nota general |
Incluye referencias bibliográficas y notas al pie de las páginas |
| 590 ## - NOTA LOCAL |
| Texto de la nota local |
Inventariado, 2025/VM |
| 650 #4 - ENCABEZAMIENTO DE MATERIA--TEMÁTICO |
| Término temático o nombre geográfico como elemento de entrada |
Medicina. |
| Subdivisión temática general |
Ensayos, conferencias, etc |
| 650 #4 - ENCABEZAMIENTO DE MATERIA--TEMÁTICO |
| Término temático o nombre geográfico como elemento de entrada |
Investigación científica |
| Subdivisión geográfica |
República Dominicana |
| 710 1# - ASIENTO SECUNDARIO -- NOMBRE CORPORATIVO |
| Nombre corporativo o de jurisdicción |
República Dominicana |
| Unidad subordinada |
Pontificia Universidad Católica Madre y Maestra, |
| 910 ## - VALIDACIÓN |
| Validación |
VMateo V. Control de calidad. BPMSU |
| 942 ## - ADDED ENTRY ELEMENTS (KOHA) |
| Source of classification or shelving scheme |
Dewey Decimal Classification |
| Koha item type |
Libros |